01612nam a2200433 i 4500001000700000003000800007005001700015006001900032007001500051008004100066020001800107020002800125035002100153040003100174050002400205080000800229082001600237100003300253245007400286264006500360300005200425336003100477337003300508338004300541490004500584500002300629504002900652588008300681590016200764650002400926650003000950650001200980650001300992655002701005797001801032830004601050856006301096999001901159146435FINmELB20241217182137.0m o d | cr cnu||||||||170116s2015 mx ob 001 0 spa d z9789681672379 a9786071628459q(e-book) a(OCoLC)984772850 aFINmELBbspaerdacFINmELB 4aRA1224.3bR696 2015 a6160 a616.0422231 aRodríguez-Arnaiz, Rosario.10aMetabolismo de las toxinas ambientales /cRosario Rodríguez-Arnaiz. 1aMéxico D.F. :bFCE - Fondo de Cultura Económica,c[2015] a1 recurso en línea (97 páginas sin numerar) atextobtxt2rdacontent/spa acomputadorabc2rdamedia/spa arecurso en líneabcr2rdacarrier/spa1 aColección La Ciencia para todos ;v199 aContiene índice. aContiene bibliografía. aDescripción basada en metadatos suministrados por el editor y otras fuentes. aRecurso electrónico. Santa Fe, Arg.: elibro, 2020. Disponible vía World Wide Web. El acceso puede estar limitado para las bibliotecas afiliadas a elibro. 0aGenetic toxicology. 4aToxicología genética. 0aToxins. 4aToxinas. 4aLibros electrónicos.2 aelibro, Corp. 0aColección La Ciencia para todos ;v199.40uhttps://elibro.net/ereader/politecnicointernacional/110854 c146435d146435